00331nam a2200121Ia 4500008004100000041000800041082000800049100006200057245002700119260003400146300000800180520002100188221007s9999 xx 000 0 und d aeng bPAt aPathade Kiran - 2K111111 & Prof. Manasi Javadekar - Guide 2aA Quality of Work Life c2013bPune UniversityaMumbai a72p aJavadekar Manasi